<?xml version="1.0" encoding="UTF-8"?>
<collection xmlns="http://www.loc.gov/MARC21/slim">
 <record>
  <leader>00315nam a2200121 c 4500</leader>
  <controlfield tag="001">bibDOK00000048</controlfield>
  <controlfield tag="005">20200924115633.8</controlfield>
  <controlfield tag="008">060518s1994    hu                  hun  </controlfield>
  <datafield tag="245" ind1="0" ind2="2">
   <subfield code="a">A tudatlanság felhője</subfield>
   <subfield code="c">[ford. Losonci Gábor]</subfield>
  </datafield>
  <datafield tag="260" ind1=" " ind2=" ">
   <subfield code="a">Bp.</subfield>
   <subfield code="b">Erasmus K.</subfield>
   <subfield code="c">1994</subfield>
  </datafield>
  <datafield tag="300" ind1=" " ind2=" ">
   <subfield code="a">126 p.</subfield>
  </datafield>
  <datafield tag="695" ind1=" " ind2=" ">
   <subfield code="a">vallás</subfield>
  </datafield>
  <datafield tag="700" ind1="1" ind2=" ">
   <subfield code="a">Losonci Gábor</subfield>
  </datafield>
 </record>
</collection>
